| 000 | 01577nam a2200241Ia 4500 | ||
|---|---|---|---|
| 003 | Ost | ||
| 005 | 20260416102352.0 | ||
| 008 | 260416s9999||||xx |||||||||||||| ||und|| | ||
| 040 | _cfsecg | ||
| 041 | _aara | ||
| 082 | _a1.43 | ||
| 100 |
_aزرقاني، رابح _eمؤلف |
||
| 245 | 0 |
_a منهجية البحث العلمي / _c رابح زرقاني |
|
| 260 |
_aالجزائر _bجامعة الجزائر3: كلية العلوم الإقتصادية، العلوم التجارية وعلوم التسيير _c2017 |
||
| 300 |
_a78 ورقة _bايضاحات _c30 سم |
||
| 504 | _aمراجع ص.76 | ||
| 520 | _aالعلم، المعرفة، علم المناهج، مقدمة عامة للبحث العلمي، أهمية اسس وخصائص البحث العلمي، خطوات وأشكال البحث العلمي وصفات الباحث، مرحلة اختيار الموضوع جمع الوثائق والمعلومات القراءة والتفكير، مرحلة تقسيم الموضوع جمع وتخزين المعلومات والكتابةـ المنهج الاستدلالي المنهج التاريخي المنهج التجريبي المنهج الجدلي، المنهج الوصفي منهج دراسة حالة المنهج الاحصائي المنهج المقارن | ||
| 653 | _aالبحث | ||
| 653 | _aالمنهجية | ||
| 653 | _aطرق البحث | ||
| 710 |
_aجامعة الجزائر3: كلية العلوم الإقتصادية، العلوم التجارية وعلوم التسيير _eناشر علمي |
||
| 942 | _cHANDOUT | ||
| 999 |
_c41038 _d41038 |
||